000 00569cam a22002171 4500
001 sa 66000894
003 DLC
005 20260227112218.0
008 881028m19639999xx 000 0 sano
010 _asa 66000894
035 _a(OCoLC)23573916
040 _aDLC
_cMiU
_dDLC
042 _apremarc
050 0 0 _aPK673
_b.J5
100 1 _aJhā, Rāmacandra.
245 1 0 _aVyākaraṇamadhyamāsottarā praśnāvalī.
260 _c1963-
300 _av. in
_c19 cm.
500 _aRomanized.
650 0 _aSanskrit language
_xGrammar
_xExaminations, questions, etc.
999 _c67486
_d67486